000 00610nam a2200217 i 4500
001 C2-0169116
003 PPAK
005 20180728091724.0
008 980721s1984 enka|||| ||||| | eng d
020 _a0905118960
040 _aPPAK
_beng
_cPPAK
_erda
082 0 4 _a909.92805
_2 23
090 0 0 _a909.92805
_bEUR
_dR
245 0 4 _aThe Europe year book 1984 - Vol. II
264 1 _aLondon :
_bEurope Publications Limited ,
_c1984
300 _axv, 2762 pages :
_billustrations ;
_c27 cm
336 _2rdacontent
_atext
337 _2rdamedia
_aunmediated
338 _2rdacarrier
_avolume
942 _ddc
_cB
999 _c153164
_d153164